000 00559nam a22001577a 4500
003 OSt
005 20150913160323.0
008 150913b xxu||||| |||| 00| 0 eng d
040 _cRUA
082 _aAGR ម៉ែន​ 1996 B016 Or.1
100 _9409
_aម៉ែន វិបុល
245 _aបច្ចេកទេសដាំដុះ និងការថែទាំកូនកៅស៊ូនៅក្រុមហ៊ុនចំការកៅស៊ូជុប
260 _aPhnom Penh
_bRUA
_c1996
300 _a90p.
_bill.
_c29cm.
942 _2ddc
_cAGR
999 _c388
_d388